Countries by Alphabetical Order - Statistics

General Stats
  • This quiz has been taken 178 times
  • The average score is 79 of 196
Answer Stats
Hint Country % Correct
Af Afghanistan
100%
Al Albania
89%
Al Algeria
83%
Au Australia
81%
Au Austria
79%
An Andorra
78%
Az Azerbaijan
77%
An Angola
74%
Bh Bhutan
71%
Ar Armenia
70%
Ba Bahamas
70%
Ar Argentina
69%
Ba Bahrain
68%
An Antigua and Barbuda
66%
Br Brunei
63%
Fi Finland
61%
Fr France
61%
Be Belize
60%
Bo Bolivia
60%
Cy Cyprus
60%
Be Belgium
59%
De Denmark
59%
Gh Ghana
59%
Ba Bangladesh
58%
Ch Chile
58%
Fi Fiji
58%
Ba Barbados
57%
Ch China
57%
Cz Czech Republic
57%
Dj Djibouti
57%
Ec Ecuador
56%
Ir Ireland
56%
Bo Bosnia and Herzegovina
54%
Bo Botswana
54%
Ca Canada
54%
Hu Hungary
54%
Ic Iceland
54%
In Indonesia
54%
Be Belarus
53%
Be Benin
53%
Br Brazil
53%
In India
53%
Ca Cameroon
52%
Jo Jordan
52%
Cr Croatia
51%
Is Israel
51%
Ja Japan
51%
Ka Kazakhstan
51%
Bu Bulgaria
50%
Do Dominica
50%
Es Estonia
50%
Ge Germany
50%
Ir Iran
50%
Ir Iraq
50%
It Italy
50%
Bu Burundi
49%
El El Salvador
49%
Iv Ivory Coast
49%
Ca Cambodia
48%
Eq Equatorial Guinea
48%
Er Eritrea
48%
Et Ethiopia
48%
Ja Jamaica
48%
Ke Kenya
48%
Ku Kuwait
48%
Ch Chad
47%
Do Dominican Republic
47%
Eg Egypt
47%
Ky Kyrgyzstan
47%
Qa Qatar
47%
Co Colombia
46%
Cu Cuba
46%
Ga Gambia
46%
Om Oman
46%
Es Eswatini
44%
Ho Honduras
44%
La Latvia
44%
My Myanmar
44%
Th Thailand
44%
Zi Zimbabwe
44%
Ea East Timor
43%
Ga Gabon
43%
La Laos
43%
Ro Romania
43%
Ye Yemen
43%
Za Zambia
43%
Gr Greece
42%
Ha Haiti
42%
Le Lebanon
42%
Ph Philippines
42%
Uk Ukraine
42%
Li Lithuania
41%
Ne Nepal
41%
Sw Sweden
41%
Vi Vietnam
41%
Gr Grenada
40%
Bu Burkina Faso
39%
Co Comoros
39%
Gu Guatemala
39%
Ru Russia
39%
Rw Rwanda
39%
Sw Switzerland
39%
Uz Uzbekistan
39%
Gu Guyana
38%
Le Lesotho
38%
Lu Luxembourg
38%
Sp Spain
38%
Tu Turkey
38%
Ki Kiribati
37%
Sy Syria
37%
Ve Venezuela
37%
Gu Guinea
36%
Pa Pakistan
36%
Co Congo, Democratic Republic of the
34%
Ko Kosovo
34%
Po Poland
34%
Va Vatican City
34%
Ma Malaysia
33%
Ma Mali
33%
Me Mexico
33%
Tu Turkmenistan
33%
Ug Uganda
33%
Ur Uruguay
33%
Gu Guinea-Bissau
32%
Li Libya
32%
Po Portugal
32%
Un United Kingdom
32%
Ca Cape Verde
31%
Ge Georgia
31%
Li Liberia
31%
Ma Malta
31%
Na Namibia
31%
Sr Sri Lanka
31%
Tr Trinidad and Tobago
31%
Ma Madagascar
30%
Ma Malawi
30%
Mo Morocco
30%
Ni Niger
30%
Pa Panama
30%
To Togo
30%
Un United States of America
30%
Ne Netherlands
29%
Ni Nigeria
29%
Pe Peru
29%
So Somalia
29%
Un United Arab Emirates
29%
Co Costa Rica
28%
Li Liechtenstein
28%
Mo Monaco
28%
No North Korea
28%
No Norway
28%
Pa Paraguay
28%
So South Korea
28%
Sl Slovakia
27%
Su Sudan
27%
To Tonga
27%
Tu Tunisia
27%
Ce Central African Republic
26%
Ma Maldives
26%
Sl Slovenia
26%
Ta Taiwan
26%
Ta Tanzania
26%
Tu Tuvalu
26%
Va Vanuatu
26%
Co Congo, Republic of the
24%
Ma Mauritania
24%
Mo Mongolia
24%
So South Sudan
24%
Ta Tajikistan
24%
Ma Mauritius
23%
Mo Mozambique
23%
Ne New Zealand
23%
Ni Nicaragua
22%
Pa Palau
21%
Si Singapore
21%
So South Africa
21%
Sa Saudi Arabia
20%
Se Senegal
20%
Mo Moldova
19%
Mo Montenegro
19%
Mi Micronesia
18%
No North Macedonia
18%
Na Nauru
17%
Pa Papua New Guinea
17%
Sa Saint Lucia
17%
Sa Saint Vincent and the Grenadines
17%
Se Serbia
17%
Su Suriname
17%
Ma Marshall Islands
16%
Sa Saint Kitts and Nevis
16%
Se Seychelles
16%
Sa Samoa
13%
Si Sierra Leone
13%
So Solomon Islands
12%
Sa San Marino
11%
Sa Sao Tome and Principe
11%
No matching quizzes found
Score Distribution
Percent of People with Each Score
Percentile by Number Answered
Your Score History
You have not taken this quiz